| 000 | 00456nam a2200157 i 4500 | ||
|---|---|---|---|
| 001 | 50441 | ||
| 003 | ES-MaACL | ||
| 005 | 20230906162159.0 | ||
| 007 | t| | ||
| 008 | 030804s1978 sp ||||1| spa d | ||
| 245 | 0 | 0 |
_aCultura vasca II / _cJosé Luis Alvarez-Emparanza ... [et al.]. |
| 260 |
_a[San Sebastián] : _bErein, _c[1978] |
||
| 300 |
_a427 p. ; _c20 cm. |
||
| 700 | 1 |
_aÁlvarez-Emparanza, José Luis. _920802 |
|
| 852 |
_aES-MaACL _jA-8077 _bR.97338 |
||
| 999 |
_c50441 _d50441 |
||